Геоморфологические формации Сибири: сборник научных трудов

Detalles Bibliográficos
Outros autores: Николаев В. А. (редактор)
Idioma:ruso
Publicado: Новосибирск, Изд-во ИГиГ, 1978
Subjects:
Formato: MixedMaterials Libro
KOHA link:https://koha.lib.tpu.ru/cgi-bin/koha/opac-detail.pl?biblionumber=194969

MARC

LEADER 00000nam0a2200000 4500
001 194969
005 20231031182544.0
035 |a (RuTPU)RU\TPU\book\212647 
090 |a 194969 
100 |a 20110427d1978 k y0rusy50 ca 
101 0 |a rus 
102 |a RU 
105 |a a z 001zy 
200 1 |a Геоморфологические формации Сибири  |e сборник научных трудов  |f отв. ред. В. А. Николаев 
210 |a Новосибирск  |c Изд-во ИГиГ  |d 1978 
215 |a 162 с.  |c ил. 
320 |a Библиогр. в конце ст. 
610 1 |a геоморфология 
610 1 |a Сибирь 
610 1 |a рельеф 
610 1 |a Восточная Якутия 
610 1 |a Западно-Сибирская равнина 
610 1 |a эрозионные процессы 
610 1 |a Новосибирское Приобье 
675 |a 551.4  |v 3 
702 1 |a Николаев  |b В. А.  |4 340 
801 1 |a RU  |b 63413507  |c 20110427 
801 2 |a RU  |b 63413507  |c 20170904  |g RCR 
942 |c BK